The sexual life of Catherine M. / (Record no. 1342)

000 -LEADER
fixed length control field 01337nam a22004097a 4500
001 - CONTROL NUMBER
control field 12655167
003 - CONTROL NUMBER IDENTIFIER
control field OSt
005 - DATE AND TIME OF LATEST TRANSACTION
control field 20210426083118.0
008 - FIXED-LENGTH DATA ELEMENTS--GENERAL INFORMATION
fixed length control field 020124s2002 nyu 000 0aeng
010 ## - LIBRARY OF CONGRESS CONTROL NUMBER
LC control number 2002020032
020 ## - INTERNATIONAL STANDARD BOOK NUMBER
International Standard Book Number 0802117163
040 ## - CATALOGING SOURCE
Original cataloging agency DLC
Transcribing agency DLC
Modifying agency DLC
Language of cataloging eng
041 1# - LANGUAGE CODE
Language code of text/sound track or separate title eng
Language code of original fre
043 ## - GEOGRAPHIC AREA CODE
Geographic area code e-fr---
050 00 - LIBRARY OF CONGRESS CALL NUMBER
Classification number HQ463
Item number .M4413 2002
080 ## - UNIVERSAL DECIMAL CLASSIFICATION NUMBER
Universal Decimal Classification number 92
Item number M-70
082 00 - DEWEY DECIMAL CLASSIFICATION NUMBER
Classification number 306.7/082
Edition number 21
100 1# - MAIN ENTRY--PERSONAL NAME
Personal name Millet, Catherine.
240 10 - UNIFORM TITLE
Uniform title Vie sexuelle de Catherine M.
Language of a work English
245 14 - TITLE STATEMENT
Title The sexual life of Catherine M. /
Statement of responsibility, etc. Catherine Millet ; translated from the French by Adriana Hunter.
Remainder of title / by: Grove Press
250 ## - EDITION STATEMENT
Edition statement 1st edition
260 ## - PUBLICATION, DISTRIBUTION, ETC.
Place of publication, distribution, etc. New York
Name of publisher, distributor, etc. Grove Press
Date of publication, distribution, etc. c2002.
300 ## - PHYSICAL DESCRIPTION
Extent 209 p.
Dimensions 22 cm.
365 ## - TRADE PRICE
Price amount 23 usd
600 10 - SUBJECT ADDED ENTRY--PERSONAL NAME
Personal name Millet, Catherine.
650 #0 - SUBJECT ADDED ENTRY--TOPICAL TERM
Topical term or geographic name entry element Erotic literature.
650 #0 - SUBJECT ADDED ENTRY--TOPICAL TERM
Topical term or geographic name entry element Biography
9 (RLIN) 237
650 #0 - SUBJECT ADDED ENTRY--TOPICAL TERM
Topical term or geographic name entry element Women
General subdivision Sexual behavior
Form subdivision Case studies.
650 #0 - SUBJECT ADDED ENTRY--TOPICAL TERM
Topical term or geographic name entry element Women
Geographic subdivision France
-- Paris
Form subdivision Biography.
650 #0 - SUBJECT ADDED ENTRY--TOPICAL TERM
Topical term or geographic name entry element Women art critics
Geographic subdivision France
-- Paris
Form subdivision Biography.
650 #0 - SUBJECT ADDED ENTRY--TOPICAL TERM
Topical term or geographic name entry element Sex.
653 ## - INDEX TERM--UNCONTROLLED
Uncontrolled term ბიოგრაფია
700 ## - ADDED ENTRY--PERSONAL NAME
9 (RLIN) 830
Personal name Hunter, Adriana
Relator term Translator
906 ## - LOCAL DATA ELEMENT F, LDF (RLIN)
a 7
b cbc
c orignew
d 1
e ocip
f 20
g y-gencatlg
942 ## - ADDED ENTRY ELEMENTS (KOHA)
Source of classification or shelving scheme
Koha item type Books
Edition 1
Holdings
Withdrawn status Lost status Source of classification or shelving scheme Damaged status Not for loan Permanent location Current location Date acquired Inventory number Total Checkouts Full call number Barcode Date last seen Price effective from Koha item type
          Ken Walker International University Ken Walker International University 02/11/2021 640   92 M-70 640 02/11/2021 02/11/2021 Books

Powered by Koha